000 00770nam a22002417a 4500
005 20170124110211.0
010 _aB-041083
020 _c65.00
_a8185384126
035 _aB-041083
037 _bCen Lib/Ret
040 _aDPL
_bEN
082 _a000
_bSHA
100 _aSharma, M.M.
_992453
245 _aEverybody's guide to Sainik and military schools and Rashtriya Indian military college /
_cby M.M.Sharma [and] Parry Rufty Lerty
250 _a10th ed
260 _aNoida
_bDattatreya Prakashan
_c1996
270 _a216/28
_bNoida
_e201 303
300 _a247p. :
_c19cm(Hb)
_bill.
650 _aGuide for parents
_938183
650 _aEntrance test--Sainik school
_938184
700 _aLerty, Parry Rufty
_910651
942 _2ddc
_cEN
_h000
_mSHA
999 _c133526
_d133526